MARC

LEADER 00000nam0a2200000 4500
001 299894
005 20231102001240.0
035 |a (RuTPU)RU\TPU\book\325047 
090 |a 299894 
100 |a 20150703d1982 km y0rusy50 ca 
101 0 |a rus 
102 |a RU 
105 |a a j 001zy 
200 1 |a Основы стандартизации и управления качеством продукции в отрасли связи  |e учебное пособие  |f М. А. Сиротина, И. Н. Саксонов 
210 |a Москва  |c Радио и связь  |d 1983 
215 |a 176 с.  |c ил. 
320 |a Библиогр.: с. 173-174 
606 1 |a Связь предприятия  |x Качество продукции  |x Управление  |2 stltpush  |3 (RuTPU)RU\TPU\subj\54298  |9 72455 
610 1 |a учебные пособия 
610 1 |a стандартизация 
610 1 |a методология 
610 1 |a государственная система 
610 1 |a методы измерений 
610 1 |a средства измерений 
610 1 |a международная стандартизация 
675 |a 654:658  |v 4 
700 1 |a Сиротина  |b М. А.  |g Мария Акимовна 
701 1 |a Саксонов  |b И. Н.  |g Иосиф Нахимович 
801 1 |a RU  |b 63413507  |c 20150703 
801 2 |a RU  |b 63413507  |c 20190401  |g RCR 
942 |c BK